=LDR 00000nam 2200000 4500 =001 INLIS000000000033175 =005 20130612135138 =008 ***********************************ind** =035 ##$$0010-061300000033175 =041 ##$$a ind =082 ##$$a 346.02 =090 ##$$a 346.02, Sal p =100 ##$$a Salim Hs, H =245 ##$$a Perancangan kontrak dan memorandum of understanding (Mou), H. Salim Hs, H. Abdullah, Wiwiek Wahyuningsih =260 ##$$a 2008 $b Jakarta =300 ##$$a ix,229 hlm, 23 cm =650 ##$$a Kontrak =700 ##$$a Abdullah, H =850 ##$$a NBPNMAT